000 00661nam a2200241Ia 4500
003 OSt
005 20220918174902.0
006 a|||||r|||| 00| 0
007 ta
008 220917b |||||||| |||| 00| 0 eng d
024 _a14,520
037 _cTextual
040 _aARTS
_cARTS
_beng
041 _2eng
_aeng
082 _aNQ2,J, K5
100 _aArnold Thomas W.
_952089
245 0 _aPainting in Islam
_b A study of the place of picorial art in Muslim culture
260 _aN York
_bDover pub
_c1965
300 _axviii, 159p.
_ccm.
650 _aARTS
942 _hNQ2,J, K5
_cTEXL
_2CC
999 _c155068
_d155068